| 000 | 00521nam a2200181Ia 4500 | ||
|---|---|---|---|
| 005 | 20250508154143.0 | ||
| 008 | 008 250505s9999 xx 000 0 eng d | ||
| 037 | _aBooks to be hide in OPAC | ||
| 040 |
_aFEDL _beng _cFEDL |
||
| 041 |
_aeng _2eng |
||
| 084 |
_a378, PRO/O _qFEDL |
||
| 245 | 0 | _aReport for the year ending 31st December, 1964 | |
| 245 | 0 | _cDepartment of Education. Orange Free State Province | |
| 260 | _c1964 | ||
| 300 | _a99p. | ||
| 942 |
_cHB _h378, PRO/O |
||
| 999 |
_c1348050 _d1348050 |
||